| 000 | 01009nam a22001577a 4500 | ||
|---|---|---|---|
| 003 | OSt | ||
| 005 | 20151027110122.0 | ||
| 008 | 151027b xxu||||| |||| 00| 0 eng d | ||
| 040 | _cRUA | ||
| 082 | _aVMF RIT 2002 B112 Or.1 | ||
| 100 |
_92945 _aRITHY SOKUNTHEARITH |
||
| 245 | _aThe Effect of cassava root meal used for growing-fattening pig hybred (yorkshire x landrace x duroc) at the pig station,lot no 9, khan tuol kork, phnom penh, (ប្រសិទ្ធភាពនៃការប្រើប្រាស់ម្សៅមើមដំឡូងមី ទៅលើការលូតលាស់របស់ជ្រូកបំប៉នកូនកាត់(យ៉កសៀរ x ឡេនរ៉េស xឌូរ៉ុក ) នៅស្ថានីយ៍ចិញ្ចឹមជ្រូកដីឡូតិ៍លេខ៩ ខ័ណ្ឌទួលគោក រាជធានីភ្នំពេញ) | ||
| 260 |
_aPhnom Penh _bRua _c2002 |
||
| 300 |
_axii; 56p. _bill. _c29cm. |
||
| 942 |
_2ddc _cVTF` |
||
| 999 |
_c2760 _d2760 |
||